TOOLS FOR FORMATIVE ASSESSMENTS IN SCIENCE (Record no. 929)
[ view plain ]
| 000 -LEADER | |
|---|---|
| fixed length control field | 00444nam a22001337a 4500 |
| 082 ## - DEWEY DECIMAL CLASSIFICATION NUMBER | |
| Classification number | 500 |
| Item number | SHA/T |
| 100 ## - MAIN ENTRY--AUTHOR NAME | |
| Personal name | NAVDEEP SHARMA, CINNI MALHOTRA, MUNISH RATTI |
| 245 ## - TITLE STATEMENT | |
| Title | TOOLS FOR FORMATIVE ASSESSMENTS IN SCIENCE |
| Remainder of title | CLASS IX |
| 260 ## - PUBLICATION, DISTRIBUTION, ETC. (IMPRINT) | |
| Place of publication | JALANDHAR |
| Name of publisher | S.DINESH & CO |
| 300 ## - PHYSICAL DESCRIPTION | |
| Number of Pages | 327 |
| 520 ## - SUMMARY, ETC. | |
| Summary, etc | INCLUDES RECORD SHEETS FOR FA1, FA2, FA3 AND FA4, ACTIVITIES BEYOND TEXTBOOKS, MCQS |
| 650 ## - SUBJECT ADDED ENTRY--TOPICAL TERM | |
| Topical Term | SCIENCE ASSESSMENTS FOR CLASS IX |
| Geographic subdivision | INDIA |
| 942 ## - ADDED ENTRY ELEMENTS (KOHA) | |
| Koha item type | Books |
| Withdrawn status | Lost status | Collection code | Home library | Current library | Shelving location | Date acquired | Source of acquisition | Full call number | Accession Number | Koha item type |
|---|---|---|---|---|---|---|---|---|---|---|
| Reference | Main Library | Main Library | SHELF 7C CLASS IX SCIENCE&PHYSIC | 10/05/2011 | purchase | 500 SHA/T | 05800 | Books |